000 01552nam a2200325 a 4500
001 BRCA_3179
005 20190320204141.0
008 160209s1652----enk#---###---#000-0#eng-u
041 _aeng
044 _aenk
084 _a480
_b.H634
_c1652
100 1 _aCervantes Saavedra, Miguel de
_d1547-1616
_9213
245 1 0 _aThe History of the Valorous and Witty Knigt-Errant Don Quixote of tha Mancha
_cMiguel de Cervantes Saavedra.
260 _aLondres
_bRichard Hodkinsonne
_c1652
300 _a1 v. (en varias paginaciones)
_c30 cm.
500 _aContenido : Primera parte. Dedicatoria de Shelton a Lord Walden. Prólogo del autor. Versos preliminares. Texto. Segunda parte. Dedicatoria del traductor. Prólogo del autor. Texto
500 _aEdición : Trasleted out of the spanish by T. Shelton. Now newly corrected and amended
500 _aEjemplar por completo igual al LO-479. Piel; lomo roto Lúdovik Osterc
500 _aEstado físico : Encuadernación maltratada y lomo superior desprendido. La cubierta posterior presenta rasgadura. Contiene anotaciones manuscritas en la guarda
500 _aQM399
546 _aTexto en : inglés
650 1 4 _aNovela española
_yÉpoca clásica, 1500-1700
_9215
650 1 4 _aLiteratura española
_yÉpoca clásica, 1500-1700
_9216
650 1 4 _aNovela española
_ySiglo XVII
_9217
650 1 4 _aDon Quijote (Personaje ficticio)
_eNovela
_9218
700 1 _aShelton, Thomas
_d?-1626
_eTraductor
_98551
740 0 _aEl Ingenioso Hidalgo Don Quijote de la Mancha
902 _aQFM
942 _2lcc
_cB
999 _c2915
_d2915